Life Of Napoleon I Vol I (Record no. 6580)

MARC details
000 -LEADER
fixed length control field 00417nam a2200133Ia 4500
008 - FIXED-LENGTH DATA ELEMENTS--GENERAL INFORMATION
fixed length control field 211109s9999||||xx |||||||||||||| ||und||
082 ## - DEWEY DECIMAL CLASSIFICATION NUMBER
Classification number 944.05
Item number ROS-L
100 ## - MAIN ENTRY--PERSONAL NAME
Personal name Rose, John Holland
245 #0 - TITLE STATEMENT
Title Life Of Napoleon I Vol I
260 ## - PUBLICATION, DISTRIBUTION, ETC.
Name of publisher, distributor, etc. National Book Stall
Place of publication, distribution, etc. Kottayam
Date of publication, distribution, etc. 1901
630 ## - SUBJECT ADDED ENTRY--UNIFORM TITLE
General subdivision General Stack
650 ## - SUBJECT ADDED ENTRY--TOPICAL TERM
Topical term or geographic name entry element Napoleon I, Emperor of the French, 1769-1823
942 ## - ADDED ENTRY ELEMENTS (KOHA)
Koha item type BOOK
650 ## - SUBJECT ADDED ENTRY--TOPICAL TERM
Form subdivision franceeuropeeuropean history
General subdivision Generalia
Holdings
Withdrawn status Lost status Damaged status Not for loan Home library Current library Date acquired Cost, normal purchase price Total Checkouts Full call number Barcode Shelving location Date last seen Price effective from Koha item type
        SB LIBRARY SB LIBRARY 09/11/2021 50.00   944.05 ROS-L 00007062 GENERAL STACK 09/11/2021 09/11/2021 BOOK

Powered by Koha